Sports Quiz

Random Sports Quiz
Score 0/198 Timer 12:00
0 Plays Today
Année Pilote % Correct
2019Lewis Hamilton
99.7%
2019Lewis Hamilton
99.7%
2019Lewis Hamilton
99.7%
2019Lewis Hamilton
99.7%
2019Lewis Hamilton
99.7%
2018Lewis Hamilton
99.7%
2018Lewis Hamilton
99.7%
2018Lewis Hamilton
99.7%
2018Lewis Hamilton
99.7%
2018Lewis Hamilton
99.7%
2018Lewis Hamilton
99.7%
2018Lewis Hamilton
99.7%
2018Lewis Hamilton
99.7%
2018Lewis Hamilton
99.7%
2018Lewis Hamilton
99.7%
2018Lewis Hamilton
99.7%
2017Lewis Hamilton
99.7%
2017Lewis Hamilton
99.7%
2017Lewis Hamilton
99.7%
2017Lewis Hamilton
99.7%
2017Lewis Hamilton
99.7%
2017Lewis Hamilton
99.7%
2017Lewis Hamilton
99.7%
2017Lewis Hamilton
99.7%
2017Lewis Hamilton
99.7%
2017Lewis Hamilton
99.7%
2017Lewis Hamilton
99.7%
2016Lewis Hamilton
99.7%
2016Lewis Hamilton
99.7%
2016Lewis Hamilton
99.7%
2016Lewis Hamilton
99.7%
2016Lewis Hamilton
99.7%
2016Lewis Hamilton
99.7%
2016Lewis Hamilton
99.7%
2016Lewis Hamilton
99.7%
2016Lewis Hamilton
99.7%
2016Lewis Hamilton
99.7%
2016Lewis Hamilton
99.7%
2016Lewis Hamilton
99.7%
2015Lewis Hamilton
99.7%
2015Lewis Hamilton
99.7%
2015Lewis Hamilton
99.7%
2015Lewis Hamilton
99.7%
2015Lewis Hamilton
99.7%
2015Lewis Hamilton
99.7%
2015Lewis Hamilton
99.7%
2015Lewis Hamilton
99.7%
2015Lewis Hamilton
99.7%
2015Lewis Hamilton
99.7%
2015Lewis Hamilton
99.7%
2014Lewis Hamilton
99.7%
2014Lewis Hamilton
99.7%
2014Lewis Hamilton
99.7%
2014Lewis Hamilton
99.7%
2014Lewis Hamilton
99.7%
2014Lewis Hamilton
99.7%
2014Lewis Hamilton
99.7%
2013Lewis Hamilton
99.7%
2013Lewis Hamilton
99.7%
2013Lewis Hamilton
99.7%
2013Lewis Hamilton
99.7%
2013Lewis Hamilton
99.7%
2012Lewis Hamilton
99.7%
2012Lewis Hamilton
99.7%
2012Lewis Hamilton
99.7%
2012Lewis Hamilton
99.7%
Année Pilote % Correct
2012Lewis Hamilton
99.7%
2012Lewis Hamilton
99.7%
2012Lewis Hamilton
99.7%
2011Lewis Hamilton
99.7%
2010Lewis Hamilton
99.7%
2019Sebastian Vettel
98.9%
2019Sebastian Vettel
98.9%
2018Sebastian Vettel
98.9%
2018Sebastian Vettel
98.9%
2018Sebastian Vettel
98.9%
2018Sebastian Vettel
98.9%
2018Sebastian Vettel
98.9%
2017Sebastian Vettel
98.9%
2017Sebastian Vettel
98.9%
2017Sebastian Vettel
98.9%
2017Sebastian Vettel
98.9%
2015Sebastian Vettel
98.9%
2013Sebastian Vettel
98.9%
2013Sebastian Vettel
98.9%
2013Sebastian Vettel
98.9%
2013Sebastian Vettel
98.9%
2013Sebastian Vettel
98.9%
2013Sebastian Vettel
98.9%
2013Sebastian Vettel
98.9%
2013Sebastian Vettel
98.9%
2013Sebastian Vettel
98.9%
2012Sebastian Vettel
98.9%
2012Sebastian Vettel
98.9%
2012Sebastian Vettel
98.9%
2012Sebastian Vettel
98.9%
2012Sebastian Vettel
98.9%
2012Sebastian Vettel
98.9%
2011Sebastian Vettel
98.9%
2011Sebastian Vettel
98.9%
2011Sebastian Vettel
98.9%
2011Sebastian Vettel
98.9%
2011Sebastian Vettel
98.9%
2011Sebastian Vettel
98.9%
2011Sebastian Vettel
98.9%
2011Sebastian Vettel
98.9%
2011Sebastian Vettel
98.9%
2011Sebastian Vettel
98.9%
2011Sebastian Vettel
98.9%
2011Sebastian Vettel
98.9%
2011Sebastian Vettel
98.9%
2011Sebastian Vettel
98.9%
2011Sebastian Vettel
98.9%
2010Sebastian Vettel
98.9%
2010Sebastian Vettel
98.9%
2010Sebastian Vettel
98.9%
2010Sebastian Vettel
98.9%
2010Sebastian Vettel
98.9%
2010Sebastian Vettel
98.9%
2010Sebastian Vettel
98.9%
2010Sebastian Vettel
98.9%
2010Sebastian Vettel
98.9%
2010Sebastian Vettel
98.9%
2019Charles Leclerc
96.4%
2019Charles Leclerc
96.4%
2019Charles Leclerc
96.4%
2019Charles Leclerc
96.4%
2019Charles Leclerc
96.4%
2019Charles Leclerc
96.4%
2019Charles Leclerc
96.4%
2018Kimi Räikkönen
95%
2017Kimi Räikkönen
95%
Année Pilote % Correct
2012Fernando Alonso
94.6%
2012Fernando Alonso
94.6%
2010Fernando Alonso
94.6%
2010Fernando Alonso
94.6%
2019Max Verstappen
94.4%
2019Max Verstappen
94.4%
2019Valtteri Bottas
92.6%
2019Valtteri Bottas
92.6%
2019Valtteri Bottas
92.6%
2019Valtteri Bottas
92.6%
2019Valtteri Bottas
92.6%
2018Valtteri Bottas
92.6%
2018Valtteri Bottas
92.6%
2017Valtteri Bottas
92.6%
2017Valtteri Bottas
92.6%
2017Valtteri Bottas
92.6%
2017Valtteri Bottas
92.6%
2016Nico Rosberg
91.6%
2016Nico Rosberg
91.6%
2016Nico Rosberg
91.6%
2016Nico Rosberg
91.6%
2016Nico Rosberg
91.6%
2016Nico Rosberg
91.6%
2016Nico Rosberg
91.6%
2016Nico Rosberg
91.6%
2015Nico Rosberg
91.6%
2015Nico Rosberg
91.6%
2015Nico Rosberg
91.6%
2015Nico Rosberg
91.6%
2015Nico Rosberg
91.6%
2015Nico Rosberg
91.6%
2015Nico Rosberg
91.6%
2014Nico Rosberg
91.6%
2014Nico Rosberg
91.6%
2014Nico Rosberg
91.6%
2014Nico Rosberg
91.6%
2014Nico Rosberg
91.6%
2014Nico Rosberg
91.6%
2014Nico Rosberg
91.6%
2014Nico Rosberg
91.6%
2014Nico Rosberg
91.6%
2014Nico Rosberg
91.6%
2014Nico Rosberg
91.6%
2013Nico Rosberg
91.6%
2013Nico Rosberg
91.6%
2013Nico Rosberg
91.6%
2012Nico Rosberg
91.6%
2018Daniel Ricciardo
84.9%
2018Daniel Ricciardo
84.9%
2016Daniel Ricciardo
84.9%
2013Mark Webber
83.9%
2013Mark Webber
83.9%
2012Mark Webber
83.9%
2012Mark Webber
83.9%
2011Mark Webber
83.9%
2011Mark Webber
83.9%
2011Mark Webber
83.9%
2010Mark Webber
83.9%
2010Mark Webber
83.9%
2010Mark Webber
83.9%
2010Mark Webber
83.9%
2010Mark Webber
83.9%
2014Felipe Massa
82.9%
2012Jenson Button
77.4%
2012Pastor Maldonado
61.8%
2010Nico Hülkenberg
54.3%
Remove Ads.
Support Sporcle.
Get the best of Sporcle when you Go Orange. This ad-free experience offers more features, more stats, and more fun while also helping to support Sporcle. Thank you for becoming a member.

You're not logged in!

Compare scores with friends on all Sporcle quizzes.
OR
Log In

Sporcle TV

Today on Sporcle TV


Watch our educational content, quiz creation guides, and fun videos on Sporcle TV.

Show Comments

Extras

Created Jun 28, 2020ReportNominate
Tags:Formula 1, Formula One

Top Quizzes Today


Score Distribution

Paid Content

Your Account Isn't Verified!

In order to create a playlist on Sporcle, you need to verify the email address you used during registration. Go to your Sporcle Settings to finish the process.

Report this User

Report this user for behavior that violates our Community Guidelines.

Details: